Threatened strike of railway employees : hearings before the United States Senate Committee on Interstate Commerce, Sixty-Fourth Congress, first session, on Aug. 31, 1916.

Bibliographic Details
Corporate Authors: United States. Congress. Senate. Committee on Interstate Commerce, ProQuest (Firm)
Format: eBook
Language:English
Published: Washington : [publisher not identified], 1916.
Series:United States congressional serial set.
Subjects:
Online Access:Connect to the full text of this electronic book

MARC

Tag First Indicator Second Indicator Subfields
LEADER 00000cam a22000001a 4500
001 in00003029521
005 20190402185921.0
006 m o d
007 cr un mmmapmmp
008 070917s1916 dcu o f000 0 eng d
035 |a cis2004500615 
040 |a UMI  |c UMI  |d UtOrBLW 
043 |a n-us--- 
099 |a ProQuest Serial Set Number 6946 S.doc.549 
110 1 |a United States.  |b Congress.  |b Senate.  |b Committee on Interstate Commerce. 
245 1 0 |a Threatened strike of railway employees :  |b hearings before the United States Senate Committee on Interstate Commerce, Sixty-Fourth Congress, first session, on Aug. 31, 1916. 
264 1 |a Washington :  |b [publisher not identified],  |c 1916. 
300 |a 1 online resource. 
336 |a text  |b txt  |2 rdacontent 
337 |a computer  |b c  |2 rdamedia 
338 |a online resource  |b cr  |2 rdacarrier 
490 0 |a S.doc.549 
500 |a Record is based on bibliographic data in ProQuest U.S. Serial Set Digital Collection (last viewed Sept. 2007). Reuse except for individual research requires license from ProQuest, LLC. 
500 |a Hearing was issued as S. Doc. 64-549. Considers legislation to revise railroad labor-management mediation procedures. 
500 |a Considers (64) S. 2517, (64) H.R. 308. 
510 3 |a ProQuest U.S. Serial Set Digital Collection 
500 |a Electronic resource. 
650 0 |a Strikes and lockouts  |x Railroads  |z United States. 
650 0 |a Hours of labor. 
655 7 |a Electronic books.  |2 local 
710 2 |a ProQuest (Firm) 
830 0 |a United States congressional serial set. 
856 4 0 |u http://proxy.library.tamu.edu/login?url=http://congressional.proquest.com/congcomp/getdoc?SERIAL-SET-ID=6946+S.doc.549  |z Connect to the full text of this electronic book  |t 0 
999 |a MARS 
999 f f |s c1099bd3-f071-3ee4-a899-96a779ad43a5  |i aef40860-fe55-3b13-993f-9b288bbdb1db  |t 0 
952 f f |a Texas A&M University  |b College Station  |c Electronic Resources  |d Available Online  |t 0  |e ProQuest Serial Set Number 6946 S.doc.549  |h Other scheme 
998 f f |a ProQuest Serial Set Number 6946 S.doc.549  |t 0  |l Available Online